[Event "38. Rilton Cup 2008/2009"]
[Site "Stockholm SWE"]
[Date "2008.12.29"]
[Round "3.24"]
[White "Janse, Love"]
[Black "Lindberg, Henrik"]
[Result "1-0"]
[BlackElo "2287"]
[PlyCount "61"]
[EventDate "2008.12.27"]
[EventType "swiss"]
[EventRounds "9"]
[EventCountry "SWE"]
[Source "lmi"]
[SourceDate "2008.12.27"]
[WhiteElo "2132"]

1. e4 c5 2. f4 d5 3. exd5 Nf6 4. Bb5+ Bd7 5. Bxd7+ Qxd7 6. c4 e6 7. Qe2 Bd6 8.
d3 O-O 9. dxe6 fxe6 10. Nf3 Nc6 11. O-O Rae8 12. Nc3 e5 13. f5 Nd4 14. Qd1 Nxf5
15. Bg5 Ng4 16. Qd2 h6 17. h3 Nf6 18. Bxf6 Rxf6 19. Qe1 Ree6 20. Nd5 Rg6 21.
Nd2 Rxg2+ 22. Kxg2 Rg6+ 23. Kf2 Ng3 24. Ne4 Qxh3 25. Rg1 Nh1+ 26. Ke2 Qh2+ 27.
Ke3 Qh3+ 28. Kd2 Qh2+ 29. Kc3 Rg2 30. Rxg2 Qxg2 31. Qxh1 1-0